| 000 | 00305 a2200121 4500 | ||
|---|---|---|---|
| 001 | 86565 | ||
| 082 | _a398.2 LOK | ||
| 090 |
_c40742 _d40742 |
||
| 100 | _aShoukat Hussain | ||
| 245 |
_aThe Great Rythim Master (Only VCD) _hEnglish |
||
| 260 |
_aIslamabad _bLok Virsa Islamabad _c2012 |
||
| 500 | _aLok Virsa | ||
| 942 |
_aCAENUST _k398.2 LOK |
||
| 999 |
_c321638 _d321638 |
||